000 01728nam a2200265 i 4500
999 _c27174
_d27174
006 m|||||o||d||||||||
007 cr||||||||||||
008 090508s2005||||enk o ||1 0|eng|d
020 _a9780511546068 (ebook)
_qOnline Resource
040 _aUkCbUP
_beng
_erda
082 0 0 _a623.8/1231
_222
100 1 _aFaltinsen, O. M.
_q(Odd Magnus),
_d1944-
245 1 0 _aHydrodynamics of high-speed marine vehicles /
_cOdd M. Faltinsen.
260 _aLondon
_bCambridge University Press
_c2009
300 _a1 online resource (xix, 454 pages) :
_bdigital, PDF file(s).
500 _aTitle from publisher's bibliographic system (viewed on 05 Oct 2015).
520 _aHydrodynamics of High-Speed Marine Vehicles, first published in 2006, discusses the three main categories of high-speed marine vehicles - vessels supported by submerged hulls, air cushions or foils. The wave environment, resistance, propulsion, seakeeping, sea loads and manoeuvring are extensively covered based on rational and simplified methods. Links to automatic control and structural mechanics are emphasized. A detailed description of waterjet propulsion is given and the effect of water depth on wash, resistance, sinkage and trim is discussed. Chapter topics include resistance and wash; slamming; air cushion-supported vessels, including a detailed discussion of wave-excited resonant oscillations in air cushion; and hydrofoil vessels. The book contains numerous illustrations, examples and exercises.
650 0 _aMotorboats.
650 0 _aShips
_xHydrodynamics.
650 0 _aHydrodynamics.
650 0 _aHydrofoil boats.
776 0 8 _iPrint version:
_z9780521845687
856 4 0 _uhttps://doi.org/10.1017/CBO9780511546068
942 _2ddc
_cEBK